000 00390 a2200169 4500
001 163404
020 _a85-7056-498-8
040 _cMagnum
100 _aCosta, Wagner
240 1 0 _aA guerra do tênis nas ondas do rádio
_lpor
245 1 0 _aA guerra do tênis nas ondas do rádio
300 _a92
362 0 _a1993
440 1 _aAtual
697 _aLITERATURA JUVENIL
942 _cBK
999 _c163404
_d163404